000 01683nam a22002297a 4500
003 OSt
005 20250306125439.0
008 230818b2022 ag ||||| |||| 00| 0 spa d
020 _a9789876429733
040 _bspa
_cBesoc
245 0 0 _aLengua y literatura II :
_bprácticas del lenguaje /
_cTamara Agazzi ... [et al.]
250 _a1a ed.
260 _aBuenos Aires :
_bEdelvives,
_c2022
300 _a56 p.
490 _3Convergente
505 0 _aBloque 1. Literatura: Historias con enseñanzas; Aventuras de todos los tiempos; Espejismos de lo real; Policiales al bies; Actitud poética; Amor en acción -- Bloque 2. Prácticas del lenguaje, géneros discursivos: La crónica periodística, un texto narrativo y descriptivo; El manual escolar, un texto expositivo-explicativo; La infografía, un texto expositivo-explicativo visual; La nota de opinión, un texto argumentativo; El discurso público, un texto argumentativo oral; La charla Ted, un texto oral con diversas tramas textuales; Proyectos para la formación ciudadana -- Bloque 3. Herramientas de la lengua, uso y reflexión: La comunicación; Formación de palabras; Las palabras en los textos; Clases de palabras y construcciones; El sustantivo y la construcción sustantiva; El adjetivo y la construcción adjetiva; Los pronombres; Los verbos; El adverbio y la construcción adverbial; La construcción verbal; La oración; Tipos de oraciones; Los textos; Bibliografía.-
650 _aEnseñanza de la lengua
_xEnseñanza de la literatura
_xEducación secundaria
_vLibros de texto
700 1 _aAgazzi, Tamara
_eautor
700 1 _aFranco, Emmanuel
_eautor
700 1 _aJelicié, Matías
_eautor
942 _2udc
_cLPD
_n0
999 _c41
_d41